000 00991nam a2200277 i 4500
001 000016568
003 DO-SdBNP
005 20231205135854.0
007 ta
008 100308s1977 dr 000 0 spa d
040 _aDO-SdBNP
_bspa
_cBNPHU
_erda
049 _aBNPD
082 4 _bC397e 1976
_222
111 1 _aCongreso de estudiantes de educación
_n(1a :
_d1976 :
_cSanto Domingo)
_936836
245 1 0 _aEducación, desarrollo e ideología, UASD, UCMM, UCE y Educación :
_bponencias, conclusiones y recomendaciones. /
_cPrólogo, Víctor Hugo Delancer Sánchez
264 _aSanto Domingo :
_bCentro de Investigaciones Pedagógicas CIPE,
_c1977
300 _a99 páginas ;
_c22 cm.
336 _2rdacontent
_atexto
_btxt
337 _2rdamedia
_asin mediación
_bn
338 _2rdacarrier
_avolumen
_bnc
490 _aBiblioteca Cipe ;
_v1
590 _aInventariado, 2023/BT
700 1 _aDelancer Sánchez, Víctor Hugo,
_eprólogo
_984701
910 _aBtavárez
942 _2ddc
_cLBS1
999 _c16101
_d16101